| 000 | 01012nam a22003017a 4500 | ||
|---|---|---|---|
| 003 | CHAP | ||
| 005 | 20220329133907.0 | ||
| 008 | 971013s1920 r 00010 d | ||
| 010 | _a12356 | ||
| 011 | _a13328 | ||
| 035 | _a17399 | ||
| 040 | _cCHAP | ||
| 082 |
_a630 _bB38 |
||
| 100 | 0 | 0 |
_aBasurto Larrainzar, Andrés. _910767 |
| 245 | _aTratado de agronomía | ||
| 260 |
_aMéxico, D. F. : _bDirección de Estudios Geográficos y Climatológicos, _c1920-26 |
||
| 300 | _a2 v. enc. juntos. | ||
| 590 |
_aBATCH-UPD _b10 _c20130110 _lUCH01 _h2108 |
||
| 590 |
_aBATCH-UPD _b10 _c20130410 _lUCH01 _h1420 |
||
| 590 |
_aBATCH-UPD _b10 _c20130914 _lUCH01 _h1905 |
||
| 590 |
_aCONVERSION _b10 _c20130109 _lUCH01 _h1308 |
||
| 650 | 1 | 4 |
_aAgricultura. _91172 |
| 901 | _aBK | ||
| 942 | _cLIBRO | ||
| 949 |
_a630 B38 _bBC _cBPP _d33724000026878 _eBPP _h19283 _i17399 _si |
||
| 949 |
_a630 B38 _bBC _cLIBRO _d33724000490538 _eLIBRO _fv.2 c.2 _h19283 _i17399 _si |
||
| 949 |
_a630 B38 _bBC _cLIBRO _d33724002013801 _eLIBRO _fv.2 _h19284 _i17399 _si |
||
| 999 |
_c12356 _d12356 |
||